000 00666nam a2200229Ia 4500
003 OSt
005 20220928120750.0
006 a|||||r|||| 00| 0
007 ta
008 220927b |||||||| |||| 00| 0 eng d
024 _a58067
037 _cTextual
040 _aSDCL
_cSDCL
_beng
041 _2eng
_aeng
082 _aV73,4P'M9, J9
100 _aHicks John D
_9451003
245 0 _aPopulist revolt
_b A history of the farmers' alliance and the people's party.
260 _aNebraska
_bUniversity of Nebraska Press
_c1959
300 _axii,473p
_ccm.
942 _hV73,4P'M9, J9
_cTEXL
_2CC
999 _c765129
_d765129